LEADER 02498nam 2200505 450 001 9910494633303321 005 20220204013720.0 010 $a1-78330-250-X 035 $a(CKB)4340000000196280 035 $a(MiAaPQ)EBC5014602 035 $a(UkCbUP)CR9781783302505 035 $a(MiAaPQ)EBC5014602 035 $a(Au-PeEL)EBL5014602 035 $a(CaPaEBR)ebr11430982 035 $a(OCoLC)1003262670 035 $a(MiAaPQ)EBC5014600 035 $a(EXLCZ)994340000000196280 100 $a20170926h20042004 uy 0 101 0 $aeng 135 $aurcnu|||||||| 181 $2rdacontent 182 $2rdamedia 183 $2rdacarrier 200 10$aNahum, Habakkuk, Zephaniah, Haggai, Zechariah, Malachi /$fJulia M. O'Brien 210 1$aNashville, [Tennessee] :$cAbingdon Press,$d2004. 210 4$dİ2004 215 $a1 online resource (240 pages) 225 1 $aAbingdon Old Testament Commentaries 300 $aIncludes index. 311 $a1-78330-185-6 311 $a1-78330-186-4 320 $aIncludes bibliographical references. 327 $a1. Introduction -- 2. The open movement : its history and development -- 3. Copyright and licensing : a background -- 4. Open licensing : the logical option for cultural heritage -- Introduction to case studies -- 5. Small steps, big impact -- how SMK became SMK Open -- 6. The British Library experience of open metadata licensing -- 7. Open policy and collaboration with Wikimedia at the National Library of Wales -- 8. Newcastle libraries -- the public library as a place to share culture -- 9. Developing open licensing at the National Library of Scotland -- 10. The Wellcome Library -- 11. Developing an open educational resources policy and open approaches to mitigate risk at University of Edinburgh -- 12. How to impact open licensing -- 13. Using and reusing openly licensed resources -- 14. Conclusion. 330 $aThis practical and explanatory guide for library and cultural heritage professionals introduces and explains the use of open licences for content, data and metadata in libraries and other cultural heritage organisations. 410 0$aAbingdon Old Testament commentaries. 608 $aElectronic books. 676 $a224.907 700 $aO'Brien$b Julia M. $01033507 801 0$bMiAaPQ 801 1$bMiAaPQ 801 2$bMiAaPQ 906 $aBOOK 912 $a9910494633303321 996 $aNahum, Habakkuk, Zephaniah, Haggai, Zechariah, Malachi$92452104 997 $aUNINA LEADER 01627nam a2200349 i 4500 001 991001248279707536 008 051010m20022006ne b 001 0 eng d 020 $a9057821087 (v. 1) 020 $a9057821753 (v. 2) 035 $ab1334299x-39ule_inst 040 $aDi.S.Te.B.A.$beng 082 0 $a595.34$221 100 1 $aDussart, Bernard$0270892 245 10$aWorld directory of crustacea copepoda of inland waters /$cB. Dussart & D. Defaye 250 $a2nd ed. rev. 260 $aLeiden :$bBackhuys,$c2002-2006 300 $a v. ;$c24 cm 504 $aIncludes bibliographical references and index 505 10$gV.1.:$tCalaniformes. - vii, 276 p. : ill.. - 2002 505 10$gV.2.:$tCyclopiformes. - 354 p. : ill.. - 2006 650 0$aCopepoda$xClassification 650 0$aCalanoides$xClassification 650 0$aCyclopoida$xClassification 700 1 $aDefaye, Danielle$eauthor$4http://id.loc.gov/vocabulary/relators/aut$0622427 907 $a.b1334299x$b14-03-07$c10-10-05 912 $a991001248279707536 945 $aLE003 595.3 DUS01.02 V.1 C.1 (ed. 2002)$cV. 1$g1$i2003000048568$lle003$op$pE62.00$q-$rl$s- $t0$u6$v21$w6$x0$y.i14187449$z01-02-06 945 $aLE003 595.3 DUS01.02 V.1 C.2 (ed. 2002) $cV. 1$g2$i2003000090512$lle003$op$pE75.00$q-$rl$s- $t0$u0$v0$w0$x0$y.i14332085$z06-12-06 945 $aLE003 595.3 DUS01.02 V.2 (ed. 2006) $cV. 2$g1$i2003000089646$lle003$op$pE84.00$q-$rl$s- $t0$u5$v21$w5$x0$y.i14395095$z14-03-07 996 $aWorld directory of crustacea copepoda of inland waters$91461636 997 $aUNISALENTO 998 $ale003$b10-10-05$cm$da $e-$feng$gne $h0$i0